000 00503nam a2200157 i 4500
001 42226
003 ES-MaACL
007 t|
008 030313m18731879it ||||1| ita d
100 1 _aCecconi, Eugenio.
_937316
245 1 0 _aStoria del Concilio Ecuménico Vaticano /
_cscrita sui documenti originali da Eugenio Cecconi.
260 _aRoma :
_b[s.n.,
_c1873-1879] (
_fPaolino Larrarini)
300 _a4 v. ;
_c24 cm.
500 _aParte prima Antecedenti del Concilio.
852 _aES-MaACL
_jG-10392-5
999 _c42226
_d42226